[Event "Heart of Finland op 33rd"]
[Site "Jyvaskyla"]
[Date "2025.07.14"]
[Round "1"]
[White "Koykka, Pekka"]
[Black "Hintikka, Eero"]
[Result "1-0"]
[WhiteElo "2359"]
[BlackElo "1916"]
[PlyCount "69"]
[EventDate "2025.07.14"]
[EventType "swiss"]
[EventRounds "9"]
[EventCountry "FIN"]
[SourceTitle "CB30_2025"]
[SourceDate "2025.07.23"]
[SourceVersion "1"]
[SourceVersionDate "2025.07.23"]
[SourceQuality "1"]

1. d4 Nf6 2. Bg5 Ne4 3. Bf4 g5 4. Bc1 g4 5. f3 gxf3 6. exf3 Nd6 7. c3 Nf5 8. Bd3 d5 9. Qc2 Nd6 10. Ne2 Nd7 11. Bf4 e6 12. Nd2 c5 13. Qa4 c4 14. Bb1 b5 15. Qd1 a5 16. 0-0 b4 17. Bc2 Qb6 18. Kh1 Ba6 19. Re1 Be7 20. Nf1 h5 21. Ne3 0-0-0 22. Qd2 h4 23. Ng1 Bf6 24. Nh3 Rhg8 25. Ng4 Bg7 26. Bg5 bxc3 27. bxc3 Rde8 28. Rab1 Qc6 29. Bxh4 f5 30. Ne5 Bxe5 31. dxe5 Nf7 32. Qd4 Kc7 33. Qa7+ Bb7 34. Ba4 Qa6 35. Rxb7+ 1-0

[Event "FIN-chT1 Gp2"]
[Site "Finland"]
[Date "2023.04.01"]
[Round "7.3"]
[White "Hintikka, Eero"]
[Black "Tuominen, Joona"]
[Result "1-0"]
[WhiteElo "1987"]
[BlackElo "2014"]
[PlyCount "47"]
[EventDate "2022.09.24"]
[EventType "team-tourn"]
[EventRounds "7"]
[EventCountry "FIN"]
[SourceTitle "EXT 2025"]
[Source "ChessBase"]
[SourceDate "2024.10.14"]
[SourceVersion "1"]
[SourceVersionDate "2024.10.14"]
[SourceQuality "1"]
[WhiteTeam "Jyvaskyla JyS II"]
[BlackTeam "Lahti LahS"]
[WhiteTeamCountry "FIN"]
[BlackTeamCountry "FIN"]

1. e4 Nc6 2. d4 e5 3. dxe5 Nxe5 4. Nf3 Qf6 5. Be2 Bc5 6. Nc3 Ne7 7. 0-0 0-0 8. Kh1 Nxf3 9. Bxf3 Ng6 10. g3 a6 11. Bg2 d6 12. f4 Rb8 13. Qh5 Qd8 14. e5 Bd7 15. Ne4 Bc6 16. f5 Bxe4 17. Bxe4 Nxe5 18. f6 Ng6 19. fxg7 Re8 20. Bxg6 fxg6 21. Qd5+ Kxg7 22. Bg5 Re5 23. Qf7+ Kh8 24. Bxd8 1-0

[Event "Jyvaskyla Winter WE op"]
[Site "Jyvaskyla"]
[Date "2020.02.01"]
[Round "4"]
[White "Hintikka, Eero"]
[Black "Jarvenpaa, Jari"]
[Result "0-1"]
[WhiteElo "1985"]
[BlackElo "2269"]
[PlyCount "102"]
[EventDate "2020.01.31"]
[EventType "swiss"]
[EventRounds "5"]
[EventCountry "FIN"]
[SourceTitle "EXT 2021"]
[Source "ChessBase"]
[SourceDate "2020.10.23"]
[SourceVersion "1"]
[SourceVersionDate "2020.10.23"]
[SourceQuality "1"]

1. e4 c6 2. d4 d5 3. Nc3 dxe4 4. Nxe4 Bf5 5. Ng3 Bg6 6. N1e2 e6 7. Nf4 Bd6 8. c3 Nf6 9. h4 Qc7 10. Qf3 Nbd7 11. h5 Bc2 12. Be3 h6 13. Bc4 0-0-0 14. 0-0 Bh7 15. Nfe2 Rhf8 16. Rfe1 Kb8 17. Rad1 Ka8 18. a4 Bc2 19. Ra1 Nd5 20. Ne4 Bxe4 21. Qxe4 f5 22. Qf3 N7f6 23. Bxd5 cxd5 24. Bf4 Ne4 25. Bxd6 Rxd6 26. Nf4 Re8 27. Nd3 Rc8 28. Qe3 Re8 29. g3 Qf7 30. Qf3 g5 31. hxg6 Qxg6 32. Nf4 Qg7 33. Kg2 Rb6 34. Re2 Qd7 35. Nd3 Rg8 36. a5 Rd6 37. Nc5 Qb5 38. Qd3 Qe8 39. a6 b6 40. Nxe4 dxe4 41. Qe3 e5 42. Rd2 Qc6 43. Kf1 f4 44. gxf4 Rdg6 45. f3 Qc4+ 46. Re2 Rg1+ 47. Qxg1 Rxg1+ 48. Kxg1 Qxe2 49. fxe4 Qe3+ 50. Kg2 Qxe4+ 51. Kh3 Qf3+ 0-1

[Event "FIN-chT1B 1819"]
[Site "Finland"]
[Date "2019.04.06"]
[Round "7.4"]
[White "Calonius, Mikael"]
[Black "Hintikka, Eero"]
[Result "1/2-1/2"]
[WhiteElo "2063"]
[BlackElo "2082"]
[PlyCount "70"]
[EventDate "2018.09.15"]
[EventType "team-tourn"]
[EventRounds "7"]
[EventCountry "FIN"]
[SourceTitle "EXT 2020"]
[Source "ChessBase"]
[SourceDate "2019.10.17"]
[SourceVersion "1"]
[SourceVersionDate "2019.10.17"]
[SourceQuality "1"]
[WhiteTeam "Helsinki KSK"]
[BlackTeam "Jyvaskyla JyS II"]
[WhiteTeamCountry "FIN"]
[BlackTeamCountry "FIN"]

1. d4 Nf6 2. c4 e6 3. Nc3 Bb4 4. e3 b6 5. Nge2 Ba6 6. a3 Bxc3+ 7. Nxc3 d5 8. Qa4+ c6 9. cxd5 Bxf1 10. Kxf1 exd5 11. Bd2 0-0 12. Rc1 Re8 13. b4 b5 14. Qc2 Nbd7 15. a4 a6 16. a5 Qe7 17. Ne2 Ne4 18. Ng3 Ndf6 19. f3 Nd6 20. Nf5 Nxf5 21. Qxf5 g6 22. Qe5 Qd8 23. Qf4 Re6 24. Ke2 Qe7 25. Rc3 Re8 26. Rhc1 Nh5 27. Qh6 Qh4 28. Kd1 Qf6 29. Kc2 Ng7 30. Kb2 Nf5 31. Qf4 Nd6 32. Qxf6 Rxf6 33. Rxc6 Rfe6 34. Kc2 Nc4 35. Rxe6 Rxe6 1/2-1/2

[Event "FIN-chT1B 1819"]
[Site "Finland"]
[Date "2019.02.09"]
[Round "6.3"]
[White "Hintikka, Eero"]
[Black "Lahdelma, Henri"]
[Result "0-1"]
[WhiteElo "2082"]
[BlackElo "2109"]
[PlyCount "106"]
[EventDate "2018.09.15"]
[EventType "team-tourn"]
[EventRounds "7"]
[EventCountry "FIN"]
[SourceTitle "EXT 2020"]
[Source "ChessBase"]
[SourceDate "2019.10.17"]
[SourceVersion "1"]
[SourceVersionDate "2019.10.17"]
[SourceQuality "1"]
[WhiteTeam "Jyvaskyla JyS II"]
[BlackTeam "Espoo MatSK II"]
[WhiteTeamCountry "FIN"]
[BlackTeamCountry "FIN"]

1. e4 e6 2. d4 d5 3. Nc3 Nf6 4. Bg5 Bb4 5. Nge2 c5 6. exd5 exd5 7. a3 Bxc3+ 8. Nxc3 0-0 9. Be2 Nc6 10. dxc5 d4 11. Ne4 Re8 12. f3 Bf5 13. 0-0 Bxe4 14. fxe4 Rxe4 15. b4 a5 16. Rb1 axb4 17. axb4 Re5 18. h4 h6 19. Bxf6 gxf6 20. Bd3 Ra4 21. Qd2 Re3 22. Rf4 Qe7 23. Bb5 Ra2 24. Bc4 Raa3 25. Rbf1 Rac3 26. Bb5 Nxb4 27. Qxd4 Nxc2 28. Qd6 f5 29. Rxf5 Re6 30. Qb8+ Kg7 31. R1f4 Rxc5 32. Rg4+ Rg6 33. Qf4 h5 34. Rgg5 Rxf5 35. Qxf5 Qe1+ 36. Bf1 Qe3+ 37. Kh2 Rxg5 38. hxg5 Qc3 39. Bd3 Ne3 40. Qh7+ Kf8 41. Qh6+ Ke7 42. Be2 Qe5+ 43. Kg1 Qd4 44. Qf6+ Qxf6 45. gxf6+ Kxf6 46. Bxh5 Ke6 47. Kf2 Nd5 48. Kf3 Nf6 49. Bxf7+ Kxf7 50. Ke3 Ke6 51. Kd4 Kf5 52. Kc5 Nd7+ 53. Kd6 Kg4 0-1

[Event "Heart of Finland op 28th"]
[Site "Jyvaskyla"]
[Date "2018.07.22"]
[Round "9"]
[White "Hintikka, Eero"]
[Black "Laasanen, Teemu"]
[Result "1-0"]
[WhiteElo "2042"]
[BlackElo "2135"]
[PlyCount "127"]
[EventDate "2018.07.16"]
[EventType "swiss"]
[EventRounds "9"]
[EventCountry "FIN"]
[SourceTitle "CBM 185 Extra"]
[Source "ChessBase"]
[SourceDate "2018.07.29"]
[SourceVersion "1"]
[SourceVersionDate "2018.07.29"]
[SourceQuality "1"]

1. e4 c5 2. Nf3 e6 3. d4 cxd4 4. Nxd4 Nc6 5. Nc3 a6 6. g3 Nf6 7. Bg2 Qc7 8. 0-0 Nxd4 9. Qxd4 Bc5 10. Bf4 d6 11. Qd3 h6 12. Rad1 e5 13. Be3 Be6 14. Bxc5 dxc5 15. Nd5 Bxd5 16. exd5 Qd6 17. c4 0-0 18. Rfe1 Nd7 19. Bh3 Nf6 20. f3 b5 21. b3 Rab8 22. Re2 Rfe8 23. Rde1 bxc4 24. bxc4 e4 25. fxe4 Qe5 26. Qe3 Rb2 27. Rxb2 Qxb2 28. e5 Qxa2 29. d6 Qa5 30. d7 Re7 31. Rd1 Qd8 32. Qxc5 Nxd7 33. Qd4 Qa5 34. Bxd7 Rxe5 35. Bh3 Kh7 36. Bg2 g6 37. h4 Re2 38. Rf1 Qc7 39. Qf4 Qxf4 40. Rxf4 Kg7 41. c5 Rc2 42. c6 Rc5 43. Rd4 Kf6 44. Rd7 a5 45. Kf2 Rc2+ 46. Kg1 Rc1+ 47. Kh2 a4 48. Ra7 Rc4 49. Rxf7+ Kxf7 50. Bd5+ Ke7 51. Bxc4 Kd6 52. Kg2 Kxc6 53. Kf3 Kc5 54. Bf7 a3 55. Ke4 Kd6 56. Kf4 Ke7 57. Ba2 Kf6 58. Ke4 h5 59. Kf4 Kg7 60. Kg5 Kh7 61. Kf6 Kh6 62. Bf7 Kh7 63. Bxg6+ Kh6 64. Bf7 1-0

[Event "Heart of Finland op 28th"]
[Site "Jyvaskyla"]
[Date "2018.07.19"]
[Round "6"]
[White "Hintikka, Eero"]
[Black "Galchenko, Matvey"]
[Result "0-1"]
[WhiteElo "2042"]
[BlackElo "2355"]
[PlyCount "74"]
[EventDate "2018.07.16"]
[EventType "swiss"]
[EventRounds "9"]
[EventCountry "FIN"]
[SourceTitle "CBM 185 Extra"]
[Source "ChessBase"]
[SourceDate "2018.07.29"]
[SourceVersion "1"]
[SourceVersionDate "2018.07.29"]
[SourceQuality "1"]

1. e4 c5 2. Nf3 e6 3. d4 cxd4 4. Nxd4 a6 5. f4 b5 6. Bd3 Bb7 7. Qe2 Nf6 8. 0-0 Bc5 9. c3 Nc6 10. Be3 Qb6 11. Nc2 h5 12. Bxc5 Qxc5+ 13. Qe3 Qe7 14. Nd2 h4 15. a4 h3 16. g3 b4 17. Qb6 bxc3 18. bxc3 0-0 19. Nb4 Rab8 20. e5 Ng4 21. Ne4 Ncxe5 22. fxe5 Bxe4 23. Qd4 Bxd3 24. Nxd3 Qg5 25. Rf4 Nh6 26. Nf2 Nf5 27. Qd3 Ne7 28. Re1 Ng6 29. Rfe4 Rb2 30. Nxh3 Qh6 31. g4 Qh4 32. g5 Nf4 33. Rxf4 Qxe1+ 34. Rf1 Qxe5 35. Rf4 Qe2 36. Qxe2 Rxe2 37. Rb4 Re3 0-1

[Event "FIN-chT1B 1718"]
[Site "Finland"]
[Date "2017.10.22"]
[Round "4.5"]
[White "Pitkanen, Ari"]
[Black "Hintikka, Eero"]
[Result "0-1"]
[WhiteElo "1949"]
[BlackElo "2039"]
[PlyCount "78"]
[EventDate "2017.09.16"]
[EventType "team-tourn"]
[EventRounds "7"]
[EventCountry "FIN"]
[SourceTitle "EXT 2020"]
[Source "ChessBase"]
[SourceDate "2019.10.17"]
[SourceVersion "1"]
[SourceVersionDate "2019.10.17"]
[SourceQuality "1"]
[WhiteTeam "Lahti S"]
[BlackTeam "Jyvaskyla JyS II"]
[WhiteTeamCountry "FIN"]
[BlackTeamCountry "FIN"]

1. d4 Nf6 2. Bf4 c6 3. e3 Qb6 4. b3 d5 5. Bd3 Bg4 6. f3 Bh5 7. Ne2 e6 8. 0-0 c5 9. Bg3 Nc6 10. c3 Bg6 11. Nf4 cxd4 12. exd4 Nxd4 13. Bf2 Qc7 14. Nxg6 hxg6 15. Bxd4 Qxh2+ 16. Kf2 Bd6 17. Rg1 Bf4 18. Bb5+ Kf8 19. Bxf6 gxf6 20. Nd2 Qg3+ 21. Ke2 Rh5 22. Kd3 a6 23. a4 axb5 24. axb5 Rxa1 25. Qxa1 Bxd2 26. Kxd2 Qf2+ 27. Kd3 Re5 28. Qc1 Qe2+ 29. Kd4 Qxb5 30. Qa3+ Kg7 31. Rh1 Qe2 32. Qc1 g5 33. c4 Qf2+ 34. Kc3 Qxg2 35. Rf1 Qe2 36. Kb4 dxc4 37. bxc4 Qe3 38. Qc2 Qb6+ 39. Kc3 Re3+ 0-1

[Event "Heart of Finland op 27th"]
[Site "Jyvaskyla"]
[Date "2017.07.22"]
[Round "8"]
[White "Hintikka, Eero"]
[Black "Ruosteenoja, Eero"]
[Result "1-0"]
[WhiteElo "2061"]
[BlackElo "1906"]
[PlyCount "83"]
[EventDate "2017.07.17"]
[EventType "swiss"]
[EventRounds "9"]
[EventCountry "FIN"]
[SourceTitle "EXT 2022"]
[Source "ChessBase"]
[SourceDate "2021.10.06"]
[SourceVersion "1"]
[SourceVersionDate "2021.10.06"]
[SourceQuality "1"]

1. e4 d6 2. d4 Nf6 3. Nc3 e5 4. Nf3 exd4 5. Nxd4 Be7 6. Be2 0-0 7. 0-0 Re8 8. f4 Bf8 9. Bf3 Na6 10. Re1 c6 11. b3 g6 12. Bb2 Bg7 13. Qd2 Nc5 14. Rad1 Qc7 15. Qf2 Bg4 16. Qg3 Bxf3 17. Qxf3 Rad8 18. g4 h6 19. Kg2 Rd7 20. Re2 Rde7 21. Rde1 Qd7 22. h3 d5 23. e5 Nfe4 24. b4 Nxc3 25. Bxc3 Ne4 26. Bb2 a5 27. a3 axb4 28. axb4 Ra8 29. Nb3 Ra2 30. Bd4 g5 31. Nc5 Nxc5 32. Bxc5 Re8 33. f5 Bf8 34. e6 fxe6 35. fxe6 Qh7 36. Qf7+ Qxf7 37. exf7+ Kxf7 38. Rxe8 Bxc5 39. bxc5 Rxc2+ 40. Kg1 Rxc5 41. R8e7+ Kf8 42. Rxb7 1-0

[Event "Heart of Finland op 27th"]
[Site "Jyvaskyla"]
[Date "2017.07.18"]
[Round "3"]
[White "Hintikka, Eero"]
[Black "Hanninen, Heikki"]
[Result "1-0"]
[WhiteElo "2061"]
[BlackElo "1747"]
[PlyCount "45"]
[EventDate "2017.07.17"]
[EventType "swiss"]
[EventRounds "9"]
[EventCountry "FIN"]
[SourceTitle "CBM 179 Extra"]
[Source "ChessBase"]
[SourceDate "2017.08.23"]
[SourceVersion "1"]
[SourceVersionDate "2017.08.23"]
[SourceQuality "1"]

1. e4 e5 2. Nf3 Nc6 3. Nc3 Nf6 4. Bb5 Nd4 5. Ba4 Bd6 6. 0-0 0-0 7. d3 h6 8. Nxd4 exd4 9. Ne2 c5 10. Ng3 Bxg3 11. hxg3 d6 12. Bb3 Ng4 13. Qe2 Qf6 14. f3 Ne5 15. g4 Qh4 16. Qf2 Qf6 17. Qg3 Ng6 18. g5 hxg5 19. Bxg5 Qe5 20. f4 Qe8 21. f5 Ne5 22. Bf6 g6 23. Qh4 1-0

[Event "FIN-chT2 Gp4 1617"]
[Site "Finland"]
[Date "2017.02.04"]
[Round "6.3"]
[White "Hintikka, Eero"]
[Black "Lehtonen, Simo"]
[Result "1-0"]
[WhiteElo "2043"]
[BlackElo "1924"]
[PlyCount "103"]
[EventDate "2016.09.17"]
[EventType "team-tourn"]
[EventRounds "7"]
[EventCountry "FIN"]
[SourceTitle "EXT 2019"]
[Source "ChessBase"]
[SourceDate "2018.10.10"]
[SourceVersion "1"]
[SourceVersionDate "2018.10.10"]
[SourceQuality "1"]
[WhiteTeam "Jyvaskyla JyS II"]
[BlackTeam "Oulu OSS II"]
[WhiteTeamCountry "FIN"]
[BlackTeamCountry "FIN"]

1. e4 e5 2. Nf3 Nc6 3. d4 d6 4. Bb5 Bd7 5. Nc3 Nf6 6. Bg5 h6 7. Bh4 g5 8. Bg3 g4 9. dxe5 gxf3 10. exf6 fxg2 11. Rg1 Qxf6 12. Nd5 Qd8 13. Qh5 Be7 14. 0-0-0 Rg8 15. Ne3 Rg5 16. Qe2 a6 17. Bc4 Ne5 18. Bb3 Ng6 19. f4 Rc5 20. f5 Nh8 21. Rxg2 Bg5 22. Kb1 Bb5 23. c4 Bc6 24. Nd5 Bxd5 25. exd5+ Qe7 26. h4 Bf6 27. Bxd6 cxd6 28. Rg8+ Kd7 29. Qxe7+ Bxe7 30. Rxa8 Rc8 31. Rxc8 Kxc8 32. h5 Bg5 33. Re1 Kd8 34. Ba4 Bf6 35. Kc2 Kc7 36. b4 Be5 37. Rg1 Kb6 38. Rg8 a5 39. a3 axb4 40. axb4 Kc7 41. Kd3 Bb2 42. Re8 Bf6 43. Ra8 Bd8 44. c5 Bf6 45. Kc4 Be5 46. Kb5 Bd4 47. Re8 Bf6 48. Kc4 Bb2 49. Re7+ Kc8 50. cxd6 b6 51. d7+ Kc7 52. d6+ 1-0

[Event "Jyvaskyla Winter Weekend A"]
[Site "Jyvaskyla"]
[Date "2017.01.27"]
[Round "1"]
[White "Heinola, Vesa Pekka"]
[Black "Hintikka, Eero"]
[Result "1-0"]
[WhiteElo "2218"]
[BlackElo "2064"]
[PlyCount "129"]
[EventDate "2017.01.27"]
[EventType "swiss"]
[EventRounds "5"]
[EventCountry "FIN"]
[SourceTitle "EXT 2022"]
[Source "ChessBase"]
[SourceDate "2021.10.06"]
[SourceVersion "1"]
[SourceVersionDate "2021.10.06"]
[SourceQuality "1"]

1. d4 Nf6 2. c4 d6 3. Nc3 e5 4. Nf3 e4 5. Ng5 Bf5 6. g4 Nxg4 7. Ngxe4 Bxe4 8. Nxe4 d5 9. cxd5 Bb4+ 10. Bd2 Qxd5 11. Bxb4 Qxe4 12. f3 Qc6 13. Rc1 Qb5 14. Qd2 Nc6 15. Rxc6 Qxc6 16. d5 Qf6 17. fxg4 0-0-0 18. g5 Qf5 19. Bg2 Rhe8 20. Rf1 Qg4 21. Rf2 Re5 22. Bc3 Rxg5 23. Bh3 Qxh3 24. Qxg5 g6 25. Qe5 f5 26. Qe6+ Kb8 27. Qe7 Rc8 28. Qe5 Rd8 29. d6 cxd6 30. Qe7 Rc8 31. Qxd6+ Ka8 32. Qd7 Rg8 33. Qd3 Qg4 34. h3 Qg5 35. Bd2 Qg1+ 36. Rf1 Qb6 37. Qb3 Qd8 38. Rf3 Re8 39. Be3 Re4 40. Qa3 b6 41. Qd3 Qc7 42. Qd5+ Kb8 43. Bg1 Re5 44. Qd2 Re7 45. Rc3 Qd7 46. Qf4+ Kb7 47. Qf3+ Re4 48. Bh2 Qd4 49. a3 a5 50. Qd3 Qxd3 51. Rxd3 Kc6 52. Kf2 Rc4 53. Be5 Rh4 54. Bf6 Rf4+ 55. Kg3 Re4 56. e3 Kc5 57. Bd4+ Kc6 58. Rc3+ Kb7 59. Rb3 Re6 60. Rb5 Ka6 61. Re5 Rc6 62. Re7 h6 63. Rh7 g5 64. Rf7 f4+ 65. exf4 1-0

[Event "FIN-chT2 Gp4 1617"]
[Site "Finland"]
[Date "2016.12.10"]
[Round "5.4"]
[White "Kinnunen, Markku"]
[Black "Hintikka, Eero"]
[Result "1-0"]
[WhiteElo "1945"]
[BlackElo "2043"]
[PlyCount "95"]
[EventDate "2016.09.17"]
[EventType "team-tourn"]
[EventRounds "7"]
[EventCountry "FIN"]
[SourceTitle "EXT 2019"]
[Source "ChessBase"]
[SourceDate "2018.10.10"]
[SourceVersion "1"]
[SourceVersionDate "2018.10.10"]
[SourceQuality "1"]
[WhiteTeam "Kuopio KSY"]
[BlackTeam "Jyvaskyla JyS II"]
[WhiteTeamCountry "FIN"]
[BlackTeamCountry "FIN"]

1. b3 Nf6 2. Bb2 d6 3. Bxf6 gxf6 4. c4 Bg7 5. Nc3 f5 6. g3 Nd7 7. Bg2 c6 8. Rc1 Ne5 9. d4 Ng6 10. e3 0-0 11. h4 e5 12. h5 Ne7 13. h6 Bh8 14. d5 c5 15. Qh5 Ng6 16. Bh3 f4 17. Bxc8 Rxc8 18. gxf4 exf4 19. e4 Re8 20. Nge2 Qf6 21. f3 Re5 22. Qg4 Rce8 23. Kf2 Kf8 24. Rcg1 a6 25. Na4 Ke7 26. Rh5 Rxh5 27. Qxh5 Kd8 28. Qg5 Re5 29. Qxf6+ Bxf6 30. Nb2 Rh5 31. Nd3 Be5 32. Rg4 Rh2+ 33. Kf1 Ke7 34. a3 Nh4 35. Nxe5 dxe5 36. Rg7 Nxf3 37. Rxh7 Ng5 38. Rh8 f3 39. Ng3 Kf6 40. Rg8 Rxh6 41. Kf2 Rh2+ 42. Ke3 Rh3 43. Kf2 Rh2+ 44. Ke3 Rh6 45. b4 b6 46. bxc5 bxc5 47. Rc8 Kg7 48. Nf5+ 1-0

[Event "FIN-chT2 Gp4 1617"]
[Site "Finland"]
[Date "2016.10.07"]
[Round "1.4"]
[White "Rajamaki, Keijo"]
[Black "Hintikka, Eero"]
[Result "0-1"]
[WhiteElo "1904"]
[BlackElo "2043"]
[PlyCount "47"]
[EventDate "2016.09.17"]
[EventType "team-tourn"]
[EventRounds "7"]
[EventCountry "FIN"]
[SourceTitle "EXT 2019"]
[Source "ChessBase"]
[SourceDate "2018.10.10"]
[SourceVersion "1"]
[SourceVersionDate "2018.10.10"]
[SourceQuality "1"]
[WhiteTeam "Kankaanpaa SK"]
[BlackTeam "Jyvaskyla JyS II"]
[WhiteTeamCountry "FIN"]
[BlackTeamCountry "FIN"]

1. e4 e5 2. Nf3 d6 3. Be2 f5 4. exf5 Bxf5 5. 0-0 Nf6 6. d3 Nc6 7. Bg5 Be7 8. Nh4 Be6 9. Nd2 0-0 10. c3 Kh8 11. b4 Nd5 12. Bxe7 Qxe7 13. Ndf3 Nxc3 14. Qd2 Nxe2+ 15. Qxe2 g5 16. b5 Nd8 17. Nxe5 gxh4 18. Ng4 Qg7 19. Ne3 Nf7 20. f4 Rae8 21. f5 Bxf5 22. Qf3 Bxd3 23. Ng4 Bxf1 24. Rxf1 0-1

[Event "Kuopio We KSY op"]
[Site "Kuopio"]
[Date "2016.04.17"]
[Round "5"]
[White "Hintikka, Eero"]
[Black "Nystrom, Jarno"]
[Result "1-0"]
[WhiteElo "2047"]
[BlackElo "1849"]
[PlyCount "27"]
[EventDate "2016.04.16"]
[EventType "swiss"]
[EventRounds "5"]
[EventCountry "FIN"]
[SourceTitle "EXT 2022"]
[Source "ChessBase"]
[SourceDate "2021.10.06"]
[SourceVersion "1"]
[SourceVersionDate "2021.10.06"]
[SourceQuality "1"]

1. e4 e6 2. d4 d5 3. Nc3 Bb4 4. Nge2 dxe4 5. a3 Bxc3+ 6. Nxc3 Nc6 7. Bb5 Nf6 8. Bg5 0-0 9. Bxc6 bxc6 10. Nxe4 Qd5 11. Nxf6+ gxf6 12. Bxf6 Qxg2 13. Qf3 Qg6 14. 0-0-0 1-0

[Event "Kuopio We KSY op"]
[Site "Kuopio"]
[Date "2016.04.16"]
[Round "2"]
[White "Hintikka, Eero"]
[Black "Nevanlinna, Risto"]
[Result "0-1"]
[WhiteElo "2047"]
[BlackElo "2241"]
[PlyCount "80"]
[EventDate "2016.04.16"]
[EventType "swiss"]
[EventRounds "5"]
[EventCountry "FIN"]
[SourceTitle "EXT 2022"]
[Source "ChessBase"]
[SourceDate "2021.10.06"]
[SourceVersion "1"]
[SourceVersionDate "2021.10.06"]
[SourceQuality "1"]

1. e4 c5 2. Nf3 g6 3. d4 cxd4 4. Qxd4 Nf6 5. e5 Nc6 6. Qa4 Nd5 7. Qe4 Nb6 8. Nc3 d5 9. exd6 Bf5 10. Qh4 Bg7 11. dxe7 Qxe7+ 12. Qxe7+ Kxe7 13. Bg5+ f6 14. Be3 Bxc2 15. Bxb6 axb6 16. Nd5+ Kd6 17. Nxb6 Rad8 18. Nc4+ Kc7 19. Ne3 Be4 20. Nd2 f5 21. 0-0-0 Bd5 22. Nxd5+ Rxd5 23. Bc4 Rd4 24. b3 Rhd8 25. g3 f4 26. Nf3 Rxd1+ 27. Rxd1 Bb2+ 28. Kc2 Nb4+ 29. Kxb2 Rxd1 30. Bg8 Rf1 31. Ne5 Rxf2+ 32. Ka3 Nc2+ 33. Ka4 Rxh2 34. gxf4 Nd4 35. a3 Rh4 36. b4 Ne2 37. Nf3 Rxf4 38. Ng5 Nd4 39. Nxh7 b5+ 40. Ka5 Rf3 0-1

[Event "Turku We TuTS op"]
[Site "Turku"]
[Date "2015.11.29"]
[Round "5"]
[White "Hintikka, Eero"]
[Black "Maki, Juha"]
[Result "1-0"]
[WhiteElo "2077"]
[BlackElo "1937"]
[PlyCount "77"]
[EventDate "2015.11.27"]
[EventType "swiss"]
[EventRounds "5"]
[EventCountry "FIN"]
[SourceTitle "EXT 2022"]
[Source "ChessBase"]
[SourceDate "2021.10.06"]
[SourceVersion "1"]
[SourceVersionDate "2021.10.06"]
[SourceQuality "1"]

1. e4 e6 2. d4 d5 3. Nc3 Bb4 4. Nge2 dxe4 5. a3 Be7 6. Nxe4 Nf6 7. N2g3 Nc6 8. Be3 e5 9. dxe5 Qxd1+ 10. Rxd1 Nxe5 11. Bf4 Ng6 12. Bxc7 0-0 13. Bd3 Nd5 14. Bd6 Bxd6 15. Nxd6 Nh4 16. Be4 Nf4 17. 0-0 g6 18. Rd4 g5 19. Re1 Rb8 20. Ngf5 Nxf5 21. Bxf5 Bxf5 22. Nxf5 h5 23. Re3 Rbd8 24. c3 Ne6 25. Rd5 Kh7 26. Red3 Rde8 27. g3 Kg6 28. Kf1 Nc7 29. Rd7 Na6 30. R3d5 b6 31. Rxa7 Nc5 32. Rc7 Re6 33. Nd4 Rf6 34. Rc6 Ne4 35. Rb5 Rb8 36. f3 h4 37. Kg2 g4 38. fxe4 h3+ 39. Kg1 1-0

[Event "FIN-chT2 Gp3 1516"]
[Site "Finland"]
[Date "2015.10.11"]
[Round "5.1"]
[White "Patola, Eero"]
[Black "Hintikka, Eero"]
[Result "0-1"]
[WhiteElo "1928"]
[BlackElo "2077"]
[PlyCount "46"]
[EventDate "2015.09.12"]
[EventType "team-tourn"]
[EventRounds "6"]
[EventCountry "FIN"]
[SourceTitle "EXT 2017"]
[Source "ChessBase"]
[SourceDate "2016.10.25"]
[SourceVersion "1"]
[SourceVersionDate "2016.10.25"]
[SourceQuality "1"]
[WhiteTeam "Helsinki KSK II"]
[BlackTeam "Jyvaskyla JyS II"]
[WhiteTeamCountry "FIN"]
[BlackTeamCountry "FIN"]

1. e4 e5 2. c4 Nf6 3. Nc3 Bb4 4. Nge2 c6 5. g3 d5 6. exd5 cxd5 7. Qb3 Na6 8. cxd5 Nc5 9. Qc4 b6 10. Qb5+ Bd7 11. Qc4 a6 12. Bg2 b5 13. Qh4 Nd3+ 14. Kf1 Qb6 15. Nd1 h6 16. g4 Bxg4 17. Ne3 g5 18. Qg3 Bxe2+ 19. Kxe2 Nf4+ 20. Kd1 Rc8 21. Bf1 Qd4 22. Qf3 e4 23. Nf5 Rxc1+ 0-1

[Event "Kuopio We KSY op"]
[Site "Kuopio"]
[Date "2015.04.26"]
[Round "5"]
[White "Hintikka, Eero"]
[Black "Ronka, Erik"]
[Result "0-1"]
[WhiteElo "2071"]
[BlackElo "2151"]
[PlyCount "72"]
[EventDate "2015.04.25"]
[EventType "swiss"]
[EventRounds "5"]
[EventCountry "FIN"]
[SourceTitle "EXT 2022"]
[Source "ChessBase"]
[SourceDate "2021.10.06"]
[SourceVersion "1"]
[SourceVersionDate "2021.10.06"]
[SourceQuality "1"]

1. e4 c6 2. d4 d5 3. exd5 cxd5 4. c4 Nf6 5. Nc3 g6 6. Qb3 Bg7 7. cxd5 0-0 8. Nge2 Nbd7 9. Nf4 Nb6 10. a4 a5 11. h4 Qd6 12. Nb5 Qb4+ 13. Qxb4 axb4 14. d6 exd6 15. Nxd6 Rxa4 16. Rxa4 Nxa4 17. Bc4 Rd8 18. Nxf7 Rxd4 19. Ne5+ Kf8 20. 0-0 Ng4 21. Nxg4 Rxc4 22. b3 Rc6 23. Ne3 Nc5 24. Bd2 Bc3 25. Bxc3 bxc3 26. b4 Nb3 27. Rb1 Nd4 28. Kf1 Bf5 29. Nxf5 gxf5 30. Nd3 c2 31. Re1 Rc3 32. Nc1 Rb3 33. Na2 Rb2 34. Nc3 Nb3 35. Ne2 Nd2+ 36. Kg1 Rb1 0-1

[Event "Heart of Finland op 24th"]
[Site "Jyvaskyla"]
[Date "2014.07.08"]
[Round "3"]
[White "Hintikka, Eero"]
[Black "Keinanen, Anastasia"]
[Result "1/2-1/2"]
[WhiteElo "2084"]
[BlackElo "1837"]
[PlyCount "48"]
[EventDate "2014.07.07"]
[EventType "swiss"]
[EventRounds "9"]
[EventCountry "FIN"]
[SourceTitle "CBM 161 Extra"]
[Source "ChessBase"]
[SourceDate "2014.08.29"]
[SourceVersion "1"]
[SourceVersionDate "2014.08.29"]
[SourceQuality "1"]

1. e4 e6 2. d4 d5 3. Nc3 Nf6 4. Bg5 Bb4 5. Nge2 h6 6. Bxf6 Qxf6 7. a3 Bxc3+ 8. Nxc3 c6 9. Qd2 0-0 10. Be2 Nd7 11. Rd1 b6 12. 0-0 Bb7 13. exd5 exd5 14. Bg4 Qd6 15. Rfe1 Nf6 16. Bf3 Rfe8 17. g3 Rad8 18. Rxe8+ Rxe8 19. Re1 Re6 20. Nd1 Rxe1+ 21. Qxe1 Qe6 22. Qe3 Bc8 23. Qxe6 fxe6 24. b4 Nd7 1/2-1/2